书目信息 |
| 题名: |
简明有机化学实验指南
|
|
| 作者: | B.B.涅克拉索夫 著 ;余仲建 译 | |
| 分册: | ||
| 出版信息: | 上海 商务印书馆 1956.03 |
|
| 页数: | 210页 | |
| 开本: | 20cm | |
| 丛书名: | ||
| 单 册: | ||
| 中图分类: | O62-33 | |
| 科图分类: | ||
| 主题词: | 有机化学 | |
| 电子资源: | ||
| ISBN: | ||
| 000 | 00691nam0 2200217 450 | |
| 001 | 0634215453 | |
| 005 | 20060731093348.48 | |
| 010 | @dCNY0.80 | |
| 100 | @a20060731d1956 km y0chiy0120 ea | |
| 101 | 0 | @achi@crus |
| 102 | @aCN@b310000 | |
| 200 | 1 | @a简明有机化学实验指南@Ajian ming you ji hua xue shi yan zhi nan@f(苏)B.B.涅克拉索夫著@F(su)B.B.nie ke la suo fu zhu@g余仲建译@Gyu zhong jian yi |
| 210 | @a上海@c商务印书馆@d1956.03 | |
| 215 | @a210页@d20cm | |
| 300 | @a高等学校教学用书 | |
| 606 | 0 | @a有机化学 |
| 690 | @aO62-33@v3 | |
| 701 | 0 | @aB.B.涅克拉索夫@AB.B.nie ke la suo fu@4著 |
| 702 | 0 | @a余仲建@Ayu zhong jian@4译 |
| 801 | 0 | @aCN@bPFT@c20060731 |
| 905 | @a10447@dO62-33@e116=3 | |
| 简明有机化学实验指南/(苏)B.B.涅克拉索夫著/余仲建译.-上海:商务印书馆,1956.03 |
| 210页;20cm |
| 高等学校教学用书 |
| ISBN :CNY0.80 |
| ● |
| 相关链接 |
|
|
|
|
正题名:简明有机化学实验指南
索取号:O62-33/116=3
 
预约/预借
| 序号 | 登录号 | 条形码 | 馆藏地/架位号 | 状态 | 备注 |
| 1 | 0442968 | 204429680 | 密集书库/ [索取号:O62-33/116=3] | 在馆 | |
| 2 | 0442969 | 204429699 | 密集书库/ [索取号:O62-33/116=3] | 在馆 |